| 000 | 00470nam a2200169Ia 4500 | ||
|---|---|---|---|
| 008 | 221030s9999 xx 000 0 und d | ||
| 020 | _a8129704714 | ||
| 041 | _aEnglish | ||
| 082 |
_a105.23 _bCha |
||
| 100 | _aP. D. Chaturvedi | ||
| 245 | 0 |
_aBusiness Communication Concepts, Cases & Applications _cby P. D. Chaturvedi, M. Chaturvedi |
|
| 260 |
_bPearson Education _aNew Delhi _c2004 |
||
| 300 | _a500 | ||
| 650 | _aEnglish | ||
| 700 | _aM. Chaturvedi | ||
| 942 | _cBK | ||
| 999 |
_c4547 _d4547 |
||